00754nam a22002297a 4500008004100000020001500041040001800056041000800074060002600082100003300108245015200141250001200293260003700305300001800342490002900360650001300389650002300402650001100425650002300436650001500459830005000474130821s1995 sp gr spa  a848733038X aCo-BoUCMbspa00aspa aQT 261bG635f 1a. ed. aGonzlez Badillo, Juan José00aFundamentos del entrenamiento de la fuerza. Aplicación al alto rendimiento deportivo.cJuan José Gonz lez Badillo, Esteban Gorostiaga Ayestar n a1a. ed. aBarcelona (España)bIndec1995 a321páginas; a[Iniciativas deportivas]04aDeportes04aEjercicio físico04aFuerza04aMedicina deportiva04aMúsculos aBibliografía Básica Medio Universitario.